篠ノ井線の駅 - Statistics

General Stats
  • This quiz has been taken 134 times
  • The average score is 11 of 15
Answer Stats
接続する他の路線 Answer % Correct
JR東日本:信越本線 しなの鉄道:しなの鉄道線 篠ノ井
98%
アルピコ交通:上高地線 松本
97%
JR東海:中央西線JR東日本:中央東線・辰野支線 塩尻
91%
南松本
88%
姨捨
83%
明科
81%
聖高原
77%
平田
70%
村井
69%
広岡
62%
稲荷山
58%
田沢
58%
冠着
55%
西条
53%
坂北
49%
No matching quizzes found
Score Distribution
Percent of People with Each Score
Percentile by Number Answered
Your Score History
You have not taken this quiz